01302 a2200193 45000010006000000050017000060080041000230030015000640400040000790800045001192450085001640200022002492640041002713000019003125050653003310410008009841000021009928560095010135517120260407155826.0260407a2018 arg spa dAR-UNSa-BCEJYS aAR-UNSa-BCEJYSbspacAR-UNSa-BCEJYS a347.51xResponsabilidad civil en general10aImplicancias y alcances de la responsabilidad civil en cuestiones informáticas a978-987-698-226-9 1aSalta :bMundo Gráfico Saltac2018 a119 p.c20 cm. a1. Introducción - 2. Principios fundamentales de la responsabilidad civil - 3. Referencia a las normas sobre responsabilidad en el ámbito informático en el derecho, comparado especialmente en América del Sur - 4. Protección jurídica de las bases de datos personales - 5. Situaciones en las que se encuentran involucradas personas menores de edad - 6. La importancia de la libertad de prensa en relación a la utilización de "buscadores" y redes sociales - 7. Análisis jurisprudencial sobre la protección de datos personales, libertad de expansión, derecho a la imagen y derecho de honor - 8. Derecho al olvido - 9. Conclusiones aspa1 aSafar, Elizabeth41uhttps://biblioeco.unsa.edu.ar/pmb/images/libros/L128561.jpgyImagen de portadaqimage/jpeg